| 000 | 00484nam a2200181Ia 4500 | ||
|---|---|---|---|
| 005 | 20250326140459.0 | ||
| 008 | 250326s9999 xx 000 0 und d | ||
| 037 | _aTextbook | ||
| 040 |
_aFMSL _beng _cFMSL |
||
| 041 |
_aeng _2eng |
||
| 084 |
_aX9W:Z2 M0 _qFMSL |
||
| 100 | _aShukla M C | ||
| 245 | 0 |
_aCompany Law _cShukla M C; Gulshan S S |
|
| 260 |
_aNew Delhi _bNew Delhi, S Chand _c1980 |
||
| 300 | _a509p | ||
| 942 |
_cTB _hX9W:Z2 M0 |
||
| 999 |
_c1286012 _d1286012 |
||